| 000 | 01026nam a2200241Ia 4500 | ||
|---|---|---|---|
| 003 | Ost | ||
| 005 | 20260507075354.0 | ||
| 008 | 260507s9999||||xx |||||||||||||| ||und|| | ||
| 020 | _a3077422977 | ||
| 040 | _cfsecg | ||
| 041 | _aara | ||
| 082 | _a330 | ||
| 100 |
_aالنجار، فريد راغب _eمؤلف |
||
| 245 | 0 |
_aالحكومة الإلكترونية بين النظرية والتطبيق / _c فريد راغب النجار |
|
| 260 |
_aالاسكندرية: _bالدار الجامعية, _c2008 |
||
| 300 |
_a481 صفحة؛ _bإيضاحات ؛ _c24 سم |
||
| 504 | _aالمراجع ص.479 | ||
| 520 | _aالحكومة الإلكترونية حكومة ذكية- مقومات وفعاليات الحكومة الإلكترونية- المؤسسات الحكومية الرقمية- مشروعات الحكومة الإلكترونية | ||
| 653 | _aالحكومة الإلكترونية | ||
| 653 | _aالحكومة الرقمية | ||
| 653 | _aالمؤسسات الحكومية | ||
| 942 | _cكتاب | ||
| 999 |
_c44188 _d44188 |
||